<?xml version="1.0" encoding="UTF-8"?>
<record
    xmlns:xsi="http://www.w3.org/2001/XMLSchema-instance"
    xsi:schemaLocation="http://www.loc.gov/MARC21/slim http://www.loc.gov/standards/marcxml/schema/MARC21slim.xsd"
    xmlns="http://www.loc.gov/MARC21/slim">

  <leader>01200cam a2200361 i 4500</leader>
  <controlfield tag="001">005673631</controlfield>
  <controlfield tag="003">YEEZEN</controlfield>
  <controlfield tag="005">20241230153835.0</controlfield>
  <controlfield tag="008">240102s2023    ch     g      000 0 chi d</controlfield>
  <datafield tag="020" ind1=" " ind2=" ">
    <subfield code="a">9786263553408</subfield>
    <subfield code="q">(&#x5E73;&#x88DD;) :</subfield>
    <subfield code="c">&#x65B0;&#x81FA;&#x5E63;480&#x5143;</subfield>
  </datafield>
  <datafield tag="040" ind1=" " ind2=" ">
    <subfield code="a">NCNU</subfield>
    <subfield code="b">chi</subfield>
    <subfield code="c">NCNU</subfield>
    <subfield code="d">NCNU</subfield>
    <subfield code="e">CCR</subfield>
  </datafield>
  <datafield tag="041" ind1="1" ind2=" ">
    <subfield code="a">chi</subfield>
    <subfield code="h">eng</subfield>
  </datafield>
  <datafield tag="042" ind1=" " ind2=" ">
    <subfield code="a">nbic</subfield>
  </datafield>
  <datafield tag="086" ind1=" " ind2=" ">
    <subfield code="2">419.5</subfield>
    <subfield code="z">ncsclt</subfield>
  </datafield>
  <datafield tag="090" ind1=" " ind2=" ">
    <subfield code="a">419.5</subfield>
  </datafield>
  <datafield tag="100" ind1="1" ind2=" ">
    <subfield code="a">Lee, Peter</subfield>
    <subfield code="e">&#x8457;</subfield>
  </datafield>
  <datafield tag="245" ind1="1" ind2="0">
    <subfield code="a">AI&#x91AB;&#x7642;&#x9769;&#x547D; :</subfield>
    <subfield code="b">GPT-4&#x8207;&#x672A;&#x4F86; = The AI revolution in medicine : GPT-4 and beyond /</subfield>
    <subfield code="c">&#x5F7C;&#x5F97;.&#x674E;(Peter Lee)&#x7B49;&#x8457; ; &#x738B;&#x5BB6;&#x8ED2;&#x8B6F;</subfield>
  </datafield>
  <datafield tag="246" ind1="3" ind2="1">
    <subfield code="a">The AI revolution in medicine :</subfield>
    <subfield code="b">GPT-4 and beyond.</subfield>
  </datafield>
  <datafield tag="246" ind1="3" ind2="0">
    <subfield code="a">GPT-4&#x8207;&#x672A;&#x4F86;</subfield>
  </datafield>
  <datafield tag="250" ind1=" " ind2=" ">
    <subfield code="a">&#x7B2C;&#x4E00;&#x7248;</subfield>
  </datafield>
  <datafield tag="260" ind1=" " ind2=" ">
    <subfield code="a">&#x81FA;&#x5317;&#x5E02; :</subfield>
    <subfield code="b">&#x9060;&#x898B;&#x5929;&#x4E0B;&#x6587;&#x5316;&#x51FA;&#x7248;,</subfield>
    <subfield code="c">2023.09</subfield>
  </datafield>
  <datafield tag="300" ind1=" " ind2=" ">
    <subfield code="a">325&#x9762; ;</subfield>
    <subfield code="c">21&#x516C;&#x5206;</subfield>
  </datafield>
  <datafield tag="490" ind1="1" ind2=" ">
    <subfield code="a">&#x79D1;&#x5B78;&#x6587;&#x5316; ;</subfield>
    <subfield code="v">231.</subfield>
  </datafield>
  <datafield tag="490" ind1="1" ind2=" ">
    <subfield code="a">Science culture ;</subfield>
    <subfield code="v">231.</subfield>
  </datafield>
  <datafield tag="650" ind1=" " ind2="7">
    <subfield code="a">&#x5065;&#x5EB7;&#x7167;&#x8B77;&#x9AD4;&#x7CFB;</subfield>
    <subfield code="2">lcstt.</subfield>
  </datafield>
  <datafield tag="650" ind1=" " ind2="7">
    <subfield code="a">&#x4EBA;&#x5DE5;&#x667A;&#x6167;</subfield>
    <subfield code="2">lcstt.</subfield>
  </datafield>
  <datafield tag="700" ind1="1" ind2=" ">
    <subfield code="a">&#x738B;&#x5BB6;&#x8ED2;</subfield>
    <subfield code="e">&#x8B6F;</subfield>
  </datafield>
  <datafield tag="740" ind1="0" ind2=" ">
    <subfield code="a">The AI revolution in medicine : GPT-4 and beyond.</subfield>
  </datafield>
  <datafield tag="765" ind1="0" ind2=" ">
    <subfield code="a">The AI revolution in medicine : GPT-4 and beyond.</subfield>
  </datafield>
  <datafield tag="830" ind1=" " ind2="0">
    <subfield code="a">&#x79D1;&#x5B78;&#x6587;&#x5316; ;</subfield>
    <subfield code="v">231.</subfield>
  </datafield>
  <datafield tag="830" ind1=" " ind2="0">
    <subfield code="a">Science culture ;</subfield>
    <subfield code="v">231.</subfield>
  </datafield>
  <datafield tag="942" ind1=" " ind2=" ">
    <subfield code="2">ccl</subfield>
    <subfield code="c">BOOK</subfield>
  </datafield>
  <datafield tag="999" ind1=" " ind2=" ">
    <subfield code="c">7628</subfield>
    <subfield code="d">7628</subfield>
  </datafield>
  <datafield tag="952" ind1=" " ind2=" ">
    <subfield code="0">0</subfield>
    <subfield code="1">0</subfield>
    <subfield code="2">ccl</subfield>
    <subfield code="4">0</subfield>
    <subfield code="7">0</subfield>
    <subfield code="a">yeezen</subfield>
    <subfield code="b">yeezen</subfield>
    <subfield code="c">YEEZEN</subfield>
    <subfield code="d">2024-12-30</subfield>
    <subfield code="l">1</subfield>
    <subfield code="m">1</subfield>
    <subfield code="o">419.5 </subfield>
    <subfield code="p">C03212</subfield>
    <subfield code="r">2025-03-12 00:00:00</subfield>
    <subfield code="s">2025-02-25</subfield>
    <subfield code="w">2024-12-30</subfield>
    <subfield code="y">BOOK</subfield>
    <subfield code="z">&#x672C;&#x66F8;&#x5E36;&#x60A8;&#x770B;&#x898B;&#x8207;&#x601D;&#x8003;&#xFF1A; &#x25CF; &#x901A;&#x904E;&#x771F;&#x6B63;&#x7684; AI &#x52A9;&#x624B;&#x9810;&#x89BD;&#x91AB;&#x751F;&#x4E00;&#x5929;&#x7684;&#x751F;&#x6D3B;&#x3002; &#x25CF; &#x4E86;&#x89E3; AI &#x5982;&#x4F55;&#x589E;&#x5F37;&#x5E8A;&#x908A;&#x548C;&#x5176;&#x4ED6;&#x5730;&#x65B9;&#x7684;&#x91AB;&#x60A3;&#x4EA4;&#x6D41;&#x3002; &#x25CF; &#x4E86;&#x89E3;&#x73FE;&#x4EE3; AI &#x7684;&#x5DE5;&#x4F5C;&#x539F;&#x7406;&#x3001;&#x70BA;&#x4EC0;&#x9EBC;&#x6703;&#x5931;&#x6557;,&#x4EE5;&#x53CA;&#x5982;&#x4F55;&#x6E2C;&#x8A66;&#x5B83;&#x4EE5;&#x5EFA;&#x7ACB;&#x4FE1;&#x4EFB;</subfield>
  </datafield>
</record>
